Normal view
MARC view
- عباس،محمد خليل مؤلف/نوفل،محمد بكر م.مشارك/العبسي،محمد مصطفى م.مشارك/أبو عواد،فريال محمد م،مشارك
Entry Personal Name
001 - CONTROL NUMBER
- control field: 28053
003 - CONTROL NUMBER IDENTIFIER
- control field: JO-AjAnu
005 - DATE AND TIME OF LATEST TRANSACTION
- control field: 20230606074746.0
008 - FIXED-LENGTH DATA ELEMENTS
- fixed length control field: 230606|| aca||aabn | a|a d
040 ## - CATALOGING SOURCE
- Original cataloging agency: JO-AjAnu
- Transcribing agency: JO-AjAnu
100 ## - HEADING--PERSONAL NAME
- Personal name: عباس،محمد خليل مؤلف/نوفل،محمد بكر م.مشارك/العبسي،محمد مصطفى م.مشارك/أبو عواد،فريال محمد م،مشارك
670 ## - SOURCE DATA FOUND
- Source citation: Work cat.: (JO-AjAnu)14401: عباس،محمد خليل مؤلف/نوفل،محمد بكر م.مشارك/العبسي،محمد مصطفى م.مشارك/أبو عواد،فريال محمد م،مشارك, author, مدخل إلى مناهج البحث في التربية وعلم النفس